000 00358 a2200157 4500
001 146532
020 _a978851606
040 _cEscola São Tomás de Aquino
100 _aROCHA, Ruth
240 1 0 _aMacacote e Porco Pança
_lpor
245 1 0 _aMacacote e Porco Pança
300 _a37 p.
362 0 _a2009
697 _a*LITERATURA INFANTO
942 _cBK
999 _c146532
_d146532